| Tag |
First Indicator |
Second Indicator |
Subfields |
| LEADER |
00000cem a2200000Ia 4500 |
| 001 |
in00002467272 |
| 005 |
20151111041927.0 |
| 007 |
aj canzn |
| 008 |
790726s1978 vaub bd a f 0 eng d |
| 034 |
1 |
|
|a a
|b 5000000
|d W2250000
|e W1800000
|f N0300000
|g N0000000
|
| 035 |
|
|
|a (OCoLC)ocm05212990
|
| 035 |
|
|
|a (OCoLC)5212990
|
| 040 |
|
|
|a GIS
|c GIS
|d OCL
|d NMT
|d OCL
|d COP
|d OCLCQ
|d STF
|d TXA
|d UtOrBLW
|
| 043 |
|
|
|a zma----
|
| 049 |
|
|
|a TXAM
|
| 050 |
1 |
4 |
|a G3701.C5 svar
|b .U52 I-1131
|
| 052 |
|
|
|a 3182
|b M3
|
| 074 |
|
|
|a 0619-G-08
|
| 086 |
0 |
|
|a I 19.91:I-1131
|
| 110 |
2 |
|
|a Geological Survey (U.S.)
|
| 245 |
1 |
0 |
|a Shaded relief map of the Elysium quadrangle of Mars :
|b MC-15, M 5M 15/202 R /
|c Department of the Interior, United States Geological Survey.
|
| 246 |
3 |
0 |
|a Elysium quadrangle of Mars
|
| 255 |
|
|
|a Scale 1:5,000,000 at 0⁰ latitude ;
|b Mercator proj.
|c (W 225⁰--W 180⁰/N 30⁰--N 0⁰).
|
| 264 |
|
1 |
|a Reston, Va. :
|b The Survey,
|c 1978.
|
| 300 |
|
|
|a 1 remote-sensing map :
|b color ;
|c 37 x 54 cm., folded in envelope 30 x 24 cm.
|
| 336 |
|
|
|a cartographic image
|b cri
|2 rdacontent
|
| 337 |
|
|
|a unmediated
|b n
|2 rdamedia
|
| 338 |
|
|
|a sheet
|b nb
|2 rdacarrier
|
| 490 |
1 |
|
|a Miscellaneous investigations series ;
|v map I-1131
|
| 490 |
1 |
|
|a Atlas of Mars 1:5,000,000 topographic series
|
| 500 |
|
|
|a Relief shown by shading.
|
| 500 |
|
|
|a Photo map.
|
| 500 |
|
|
|a Includes table, text, and index to photographs.
|
| 500 |
|
|
|a "Prepared for National Aeronautics and Space Administration."
|
| 504 |
|
|
|a Includes bibliographical references.
|
| 500 |
|
|
|a Cartographic material.
|
| 651 |
|
0 |
|a Mars (Planet)
|v Remote-sensing maps.
|
| 710 |
1 |
|
|a United States.
|b National Aeronautics and Space Administration.
|
| 830 |
|
0 |
|a Miscellaneous investigations series (Geological Survey (U.S.)) ;
|v map I-1131.
|
| 810 |
2 |
|
|a Geological Survey (U.S.).
|t Atlas of Mars.
|p 1:5,000,000 topographic series.
|
| 994 |
|
|
|a C0
|b TXA
|
| 948 |
|
|
|a cataloged
|b h
|c 2009/07/09
|e rzeske
|f 11:49:09 am
|
| 999 |
|
|
|a MARS
|
| 999 |
f |
f |
|s f8db6d1e-19eb-3773-96fa-f4ae74060468
|i 49af9502-bea4-3661-9d44-5dffd2b8b42a
|t 0
|
| 952 |
f |
f |
|p normal
|a Texas A&M University
|b College Station
|c Sterling C. Evans Library
|d Evans: Maps File (2nd floor)
|t 0
|e I 19.91:I-1131
|h Superintendent of Documents classification
|i unmediated -- sheet
|m A14837625294
|
| 998 |
f |
f |
|a I 19.91:I-1131
|t 0
|l Evans: Maps File (2nd floor)
|